000 00553cam a2200181 4500500
005 20260405000748.0
041 _afre
042 _adc
100 1 0 _aTrécourt, Fabien
_eauthor
245 0 0 _aD’irréductibles cartésiens ?
260 _c2009.
500 _a71
690 _aCartésianisme
690 _aDescartes
690 _aFrançois Azouvi
786 0 _nPhilosophie magazine | 30 | 6 | 2009-06-01 | p. 13-13 | 1951-1787
856 4 1 _uhttps://shs.cairn.info/magazine-philosophie-magazine-2009-6-page-13?lang=fr&redirect-ssocas=7080
999 _c2040580
_d2040580